000 00461nam a2200181 a 4500
001 4413
003 CO-ViMGA
008 141112s2004 ck r 000 u spa d
040 _aCO-ViMGA
_bspa
_cCO-ViMGA
082 0 4 _aBr 801.44 M671v
100 1 _aMoraes, Vinicius de
_95099
245 1 0 _aLa vida vivida
260 _aBogotá :
_bAncora,
_c1996
300 _a113 p
650 1 4 _aPOESIA BRASILEÑA
_95100
650 1 4 _aTEXTO EN PORTUGUES
_95101
942 _2ddc
_cBK
999 _c16423
_d16423